Το θεσμικό πλαίσιο λειτουργίας της Ελληνικής Αστυνομίας και η δράση της στο πλαίσιο της Ευρωπαϊκής ολοκλήρωσης

Αποθηκεύτηκε σε:
Λεπτομέρειες βιβλιογραφικής εγγραφής
Κύριος συγγραφέας: Απορέλλη, Αλίκη
Συγγραφή απο Οργανισμό/Αρχή: Πανεπιστήμιο Αιγαίου. Σχολή Κοινωνικών Επιστημών. Τμήμα Κοινωνιολογίας. Μεταπτυχιακό Πρόγραμμα Σπουδών Ευρωπαϊκές Κοινωνίες και Ευρωπαϊκή Ολοκλήρωση
Άλλοι συγγραφείς: Μαραγκουδάκης, Μανούσος Ε. (Εισηγητής διατριβής)
Μορφή: Thesis Βιβλίο
Γλώσσα:Greek
Δημοσίευση: 2011
Θέματα:
Διαθέσιμο Online:http://hdl.handle.net/11610/14558
Ετικέτες: Προσθήκη ετικέτας
Δεν υπάρχουν, Καταχωρήστε ετικέτα πρώτοι!

MARC

LEADER 00000cam a2200000 i 4500
001 1/20893
008 120620s2011 gre d
035 |l 10112785 
040 |a GR-MY-UA  |b gre  |e aacr 
041 0 |a gre 
082 0 |a 363.2  |2 (22) 
100 1 |a Απορέλλη, Αλίκη. 
245 1 3 |a Το θεσμικό πλαίσιο λειτουργίας της Ελληνικής Αστυνομίας και η δράση της στο πλαίσιο της Ευρωπαϊκής ολοκλήρωσης /  |c Αλίκη Απορέλλη ; επιβλέπων καθηγητής: Μανούσος Μαραγκουδάκης 
260 |c 2011 
300 |a 85 σ.;  |c 30 εκ. 
502 |a Διατριβή (μεταπτυχιακή) – Πανεπιστήμιο Αιγαίου, Λέσβος, 2011. 
504 |a Βιβλιογραφία: σ. 81-85 
610 2 0 |a Ελληνική Αστυνομία. 
650 0 0 |a Civil rights  |z Greece. 
650 0 0 |a Police  |z Greece. 
650 0 0 |a Police regulations  |z Greece. 
650 0 0 |a Dissertations, Academic  |z Greece. 
700 1 |4 ths  |a Μαραγκουδάκης, Μανούσος Ε. 
710 2 |a Πανεπιστήμιο Αιγαίου.   |b Σχολή Κοινωνικών Επιστημών.   |b Τμήμα Κοινωνιολογίας.   |b Μεταπτυχιακό Πρόγραμμα Σπουδών Ευρωπαϊκές Κοινωνίες και Ευρωπαϊκή Ολοκλήρωση. 
852 |a INST  |b LESVOS  |c DIATR  |e 20120620  |h 41  |p 005100052310  |q 005100052310  |t MTXE  |y 23 
852 |a INST  |b LESVOS  |c DIATR  |e 20120620  |h 42  |p 005100052309  |q 005100052309  |t MTXE  |y 23 
856 |u http://hdl.handle.net/11610/14558 
901 |a BIBL1-2012-2 
909 |a Λ  |b 174983 
909 |a Λ  |b 174984 
924 |a ΑΠΟΡΕΛΛΗ  |b ΑΛΙΚΗ  |y ΛΕΣΒΟΣ  |z 2012-04 
970 |a ΤΖΑΦΕΡΗ  |b ΕΥΑΓΓΕΛΙΑ  |z 2012/06/20